| 000 | 00683nam a2200217Ii 4500 | ||
|---|---|---|---|
| 001 | 20514 | ||
| 003 | CO-ViMGA | ||
| 008 | 241108s9999||||xx |||||||||||||| ||und|| | ||
| 020 | _a9789589906941 | ||
| 040 |
_aCO-ViMGA _bspa _erda _cCO-ViMGA |
||
| 041 | 0 | _aspa | |
| 082 | 0 | 4 | _a636.9322 C67a |
| 100 | 1 |
_aJosé Ricardo Corredor Matus _949042 |
|
| 245 | 1 | 0 | _aAtlas de Anatomia Sistémica e Histología del Chigüiro |
| 264 | 1 | _aBogotá, Colombia : Universidad de los Llanos; Cormacarena, 2010 | |
| 300 | _avolumen | ||
| 336 |
_atext _btxt _2rdacontent |
||
| 337 |
_aunmediated _bn _2rdamedia |
||
| 338 |
_avolume _bnc _2rdacarrier |
||
| 940 | _aidficha_siabuc: 20169. -- ficha_no_siabuc:20514 | ||
| 999 |
_c43685 _d43685 |
||